| 000 | 00795nam a2200193 a 4500 | ||
|---|---|---|---|
| 003 | 0 | ||
| 005 | 20250602163109.0 | ||
| 008 | 021122s19uu xx 00 eng d | ||
| 050 |
_aPHS D 421 _b.T46 2002 |
||
| 100 | _aThomas, Catalina Veronica. | ||
| 245 |
_aThe Awareness of world catastrophes in the 20th century and its effects on the seniors and juniors of Southville International School / _cCatalina Veronica Thomas. |
||
| 260 |
_aLas PiƱas City, Philippines : _bSouthville International School and Colleges, _c2002. |
||
| 300 |
_a20 pages : _billustrations ; _c28 cm. |
||
| 504 | _aIncludes bibliographical references. | ||
| 650 |
_aDisasters _xHistory _v20th century. |
||
| 650 |
_aWorld history _x20th century. |
||
| 650 |
_aNatural disasters _xPsychological aspects. |
||
| 942 |
_2lcc _cPASS |
||
| 999 |
_c96744 _d96744 |
||